000 00380nam a22001457a 4500
005 20200610095243.0
008 200610b xxu||||| |||| 00| 0 eng d
082 _a345.4 AIR
110 _aALL INDIA REPORTER
_95888
245 _aALL INDIA REPORTER, 2010 (VOL-97) NOTES OF CASES
260 _bALL INDIA REPORTER, PVT LTD.
300 _a208;p
650 _aLAW
_95701
942 _cJRL
999 _c6950
_d6948